[Event "Wch U18"]
[Site "Porto Carras"]
[Date "2018.10.21"]
[Round "2"]
[White "Abdusattorov, Nodirbek"]
[Black "Jimenez Ramallo, Francisco Javier"]
[Result "1-0"]
[WhiteElo "2558"]
[BlackElo "2073"]
[PlyCount "39"]
[EventDate "2018.10.20"]
[EventType "swiss"]
[EventRounds "11"]
[EventCountry "GRE"]
[SourceTitle "CBM 187 Extra"]
[Source "ChessBase"]
[SourceDate "2018.11.04"]
[SourceVersion "1"]
[SourceVersionDate "2018.11.04"]
[SourceQuality "1"]

1. d4 e6 2. c4 d5 3. Nf3 c5 4. cxd5 exd5 5. Nc3 Nc6 6. dxc5 d4 7. Na4 Bxc5 8. Nxc5 Qa5+ 9. Qd2 Qxc5 10. a3 Bg4 11. b4 Qd5 12. Bb2 0-0-0 13. Nxd4 Nxd4 14. Rd1 Nf6 15. Bxd4 b6 16. f3 Be6 17. e4 Qb7 18. Qf4 Rd7 19. Rc1+ Rc7 20. Ba6 1-0

[Event "ESP-ch U16"]
[Site "Granada"]
[Date "2016.07.21"]
[Round "6"]
[White "Alvarez Albiol, Victor"]
[Black "Jimenez Ramallo, Francisco Javier"]
[Result "1/2-1/2"]
[WhiteElo "1908"]
[BlackElo "2084"]
[PlyCount "54"]
[EventDate "2016.07.18"]
[EventType "swiss"]
[EventRounds "9"]
[EventCountry "ESP"]
[SourceTitle "EXT 2024"]
[Source "ChessBase"]
[SourceDate "2023.10.10"]
[SourceVersion "1"]
[SourceVersionDate "2023.10.10"]
[SourceQuality "1"]

1. d4 d5 2. Nf3 e6 3. e3 c5 4. b3 Nf6 5. Bb2 Nc6 6. Bd3 b6 7. 0-0 Bd6 8. Ne5 Bb7 9. f4 0-0 10. Nd2 Rc8 11. a3 Ne7 12. Qf3 Qc7 13. Qh3 Ne4 14. Ndf3 Nf5 15. Rae1 Be7 16. g4 Nfd6 17. g5 c4 18. Bxe4 Nxe4 19. f5 Bxg5 20. fxe6 fxe6 21. Qxe6+ Kh8 22. bxc4 dxc4 23. c3 b5 24. Qh3 Kg8 25. Qe6+ Kh8 26. Qh3 Kg8 27. Qe6+ Kh8 1/2-1/2

[Event "ESP-ch U16"]
[Site "Granada"]
[Date "2016.07.19"]
[Round "3"]
[White "Jimenez Ramallo, Francisco Javier"]
[Black "Pulido Esteban, Francisco Daniel"]
[Result "0-1"]
[WhiteElo "2084"]
[BlackElo "1883"]
[PlyCount "99"]
[EventDate "2016.07.18"]
[EventType "swiss"]
[EventRounds "9"]
[EventCountry "ESP"]
[SourceTitle "EXT 2024"]
[Source "ChessBase"]
[SourceDate "2023.10.10"]
[SourceVersion "1"]
[SourceVersionDate "2023.10.10"]
[SourceQuality "1"]

1. c4 e5 2. Nc3 Nf6 3. g3 d5 4. cxd5 Nxd5 5. Bg2 Nb6 6. Nf3 Nc6 7. 0-0 Be7 8. d3 Be6 9. Be3 0-0 10. Qc1 f6 11. Ne4 Nd5 12. Bc5 Qc8 13. Bxe7 Ndxe7 14. Nc5 Bf7 15. Rd1 Rd8 16. a3 Rb8 17. b4 Nd4 18. Nxd4 exd4 19. Qc2 Nd5 20. Rdc1 c6 21. Nb3 Nb6 22. e3 dxe3 23. fxe3 Qe6 24. Nc5 Qxe3+ 25. Kh1 Qd4 26. Re1 Nd7 27. Nxd7 Rxd7 28. Be4 Rbd8 29. Rab1 Bd5 30. b5 c5 31. b6 a6 32. Rbc1 c4 33. dxc4 Bxe4+ 34. Qxe4 Qxb6 35. Rb1 Qc7 36. Qe6+ Kf8 37. Qe4 Rc8 38. Qxh7 Qxc4 39. Re4 Qc6 40. Qh8+ Kf7 41. Qh5+ Kg8 42. Qf3 Rd4 43. Re3 Qxf3+ 44. Rxf3 b5 45. Rb2 Rdc4 46. Kg2 Rc2+ 47. Rf2 Rxf2+ 48. Kxf2 Rc4 49. Ke3 Rc3+ 50. Kd4 0-1

[Event "ESP-ch U16"]
[Site "Granada"]
[Date "2016.07.18"]
[Round "1"]
[White "Jimenez Ramallo, Francisco Javier"]
[Black "Jimenez Anders, Valentin"]
[Result "1-0"]
[WhiteElo "2084"]
[BlackElo "1771"]
[PlyCount "73"]
[EventDate "2016.07.18"]
[EventType "swiss"]
[EventRounds "9"]
[EventCountry "ESP"]
[SourceTitle "EXT 2024"]
[Source "ChessBase"]
[SourceDate "2023.10.10"]
[SourceVersion "1"]
[SourceVersionDate "2023.10.10"]
[SourceQuality "1"]

1. c4 e5 2. Nc3 Nc6 3. g3 g6 4. Bg2 Bg7 5. Nf3 f5 6. 0-0 Nf6 7. d4 e4 8. Ng5 h6 9. Nh3 0-0 10. e3 d6 11. Nf4 Ne7 12. f3 g5 13. Nfd5 Nexd5 14. cxd5 Qe7 15. Bd2 b6 16. fxe4 fxe4 17. Qb3 Kh8 18. Rac1 Bb7 19. Rf5 Bc8 20. Rf2 Bb7 21. Qc4 a6 22. Bh3 g4 23. Bg2 h5 24. Rf5 Bc8 25. Rf2 Bb7 26. Rf5 Bc8 27. Rxf6 Rxf6 28. Nxe4 Rf7 29. Nc3 Bh6 30. Qd3 Kg7 31. e4 Bxd2 32. Qxd2 Bb7 33. Ne2 Qf6 34. Nf4 Qh6 35. e5 dxe5 36. Ne6+ Kg6 37. Be4+ 1-0

[Event "ESP-ch U16"]
[Site "Granada"]
[Date "2016.07.18"]
[Round "2"]
[White "Rebollo Montes, Bernardo"]
[Black "Jimenez Ramallo, Francisco Javier"]
[Result "1/2-1/2"]
[WhiteElo "1900"]
[BlackElo "2084"]
[PlyCount "22"]
[EventDate "2016.07.18"]
[EventType "swiss"]
[EventRounds "9"]
[EventCountry "ESP"]
[SourceTitle "EXT 2024"]
[Source "ChessBase"]
[SourceDate "2023.10.10"]
[SourceVersion "1"]
[SourceVersionDate "2023.10.10"]
[SourceQuality "1"]

1. d4 e6 2. c4 d5 3. Nc3 c5 4. cxd5 exd5 5. Nf3 Be7 6. Bg5 c4 7. Ne5 Be6 8. f4 h6 9. Bf6 Bxf6 10. e3 b5 11. a3 a5 1/2-1/2

[Event "La Roda op 43rd"]
[Site "La Roda"]
[Date "2016.03.27"]
[Round "8"]
[White "Jimenez Ramallo, Francisco Javier"]
[Black "Fontana Sotomayour, Luis Javier"]
[Result "1/2-1/2"]
[WhiteElo "1914"]
[BlackElo "2315"]
[PlyCount "48"]
[EventDate "2016.03.23"]
[EventType "swiss"]
[EventRounds "9"]
[EventCountry "ESP"]
[SourceTitle "CBM 171 Extra"]
[Source "ChessBase"]
[SourceDate "2016.04.26"]
[SourceVersion "1"]
[SourceVersionDate "2016.04.26"]
[SourceQuality "1"]

1. c4 f5 2. Nc3 Nf6 3. g3 e6 4. Bg2 c6 5. Nf3 d5 6. d4 Bd6 7. 0-0 0-0 8. cxd5 exd5 9. Bf4 Ne4 10. e3 Be7 11. Bxb8 Rxb8 12. Ne2 Be6 13. Nf4 Bf7 14. Ne5 Bd6 15. Nfd3 Qe8 16. f3 Nf6 17. b4 Nd7 18. Nxd7 Qxd7 19. f4 Qe7 20. Qd2 b6 21. Rac1 Rbc8 22. Rc2 Rc7 23. Rfc1 Rfc8 24. Kf2 Be6 1/2-1/2

[Event "La Roda op 43rd"]
[Site "La Roda"]
[Date "2016.03.27"]
[Round "9"]
[White "Montoliu Cervero, Francisco"]
[Black "Jimenez Ramallo, Francisco Javier"]
[Result "1-0"]
[WhiteElo "2331"]
[BlackElo "1914"]
[PlyCount "51"]
[EventDate "2016.03.23"]
[EventType "swiss"]
[EventRounds "9"]
[EventCountry "ESP"]
[SourceTitle "CBM 171 Extra"]
[Source "ChessBase"]
[SourceDate "2016.04.26"]
[SourceVersion "1"]
[SourceVersionDate "2016.04.26"]
[SourceQuality "1"]

1. e4 e6 2. d4 d5 3. e5 c5 4. c3 Nc6 5. Nf3 Bd7 6. Be2 Nge7 7. Na3 cxd4 8. cxd4 Ng6 9. h4 Be7 10. g3 0-0 11. h5 Nh8 12. Nc2 f6 13. Ne3 fxe5 14. Nxe5 Nxe5 15. dxe5 Qb6 16. 0-0 Rad8 17. Nc2 Rxf2 18. Rxf2 Bc5 19. Qe1 Rf8 20. Bf4 Qxb2 21. Bd3 g5 22. Be3 Bxe3 23. Qxe3 Rxf2 24. Qxg5+ Kf8 25. Kxf2 Nf7 26. Qf4 1-0

[Event "Mar Menor op 7th"]
[Site "San Pedro del Pinatar"]
[Date "2016.01.23"]
[Round "5"]
[White "Jimenez Ramallo, Francisco Javier"]
[Black "Hassomal Daswani, Birjkumar"]
[Result "0-1"]
[WhiteElo "1897"]
[BlackElo "2060"]
[PlyCount "65"]
[EventDate "2016.01.22"]
[EventType "swiss"]
[EventRounds "7"]
[EventCountry "ESP"]
[SourceTitle "EXT 2019"]
[Source "ChessBase"]
[SourceDate "2018.10.10"]
[SourceVersion "1"]
[SourceVersionDate "2018.10.10"]
[SourceQuality "1"]

1. c4 Nf6 2. Nc3 c5 3. Nf3 Nc6 4. e3 g6 5. d4 Bg7 6. d5 Nb8 7. e4 d6 8. g3 0-0 9. Bg2 b5 10. cxb5 a6 11. bxa6 Bxa6 12. Bf1 Nbd7 13. Bxa6 Rxa6 14. 0-0 Qb6 15. h3 Rb8 16. Qc2 h6 17. Rb1 Ne8 18. Bf4 Nc7 19. Nd2 Nb5 20. Nxb5 Qxb5 21. b3 g5 22. Be3 Qe2 23. Rfe1 Qh5 24. Kg2 Qg6 25. Rec1 Rf8 26. b4 Rfa8 27. bxc5 dxc5 28. Bxc5 Rxa2 29. Qd1 Nxc5 30. Rxc5 Rxd2 31. Qxd2 Qxe4+ 32. Kh2 Qxb1 33. d6 0-1

[Event "Benidorm New Generation U18 11th"]
[Site "Benidorm"]
[Date "2015.12.07"]
[Round "5.2"]
[White "Jimenez Ramallo, Francisco Javier"]
[Black "Fernandez Cano, Victor"]
[Result "0-1"]
[WhiteElo "1908"]
[BlackElo "2139"]
[PlyCount "54"]
[EventDate "2015.12.04"]
[EventType "swiss"]
[EventRounds "7"]
[EventCountry "ESP"]
[SourceTitle "EXT 2024"]
[Source "ChessBase"]
[SourceDate "2023.10.10"]
[SourceVersion "1"]
[SourceVersionDate "2023.10.10"]
[SourceQuality "1"]

1. c4 Nf6 2. Nc3 g6 3. g3 Bg7 4. Bg2 d6 5. d4 0-0 6. e3 Nbd7 7. Nf3 c6 8. 0-0 Qc7 9. b3 Re8 10. a4 a5 11. Ba3 Nb8 12. Qc2 Na6 13. Rac1 Nb4 14. Qb1 e5 15. h3 Bf5 16. e4 exd4 17. exf5 dxc3 18. Ne1 Nd7 19. Nc2 Nd3 20. Rcd1 N7c5 21. Ne3 Nb4 22. Nc2 Ncd3 23. Ne3 Rxe3 24. Bxb4 c2 25. Bxd6 cxb1Q 26. Bxc7 Qxd1 27. Rxd1 Re1+ 0-1

[Event "Benidorm New Generation U18 11th"]
[Site "Benidorm"]
[Date "2015.12.07"]
[Round "6.5"]
[White "Nunez Colome, David"]
[Black "Jimenez Ramallo, Francisco Javier"]
[Result "1/2-1/2"]
[WhiteElo "1701"]
[BlackElo "1908"]
[PlyCount "72"]
[EventDate "2015.12.04"]
[EventType "swiss"]
[EventRounds "7"]
[EventCountry "ESP"]
[SourceTitle "EXT 2024"]
[Source "ChessBase"]
[SourceDate "2023.10.10"]
[SourceVersion "1"]
[SourceVersionDate "2023.10.10"]
[SourceQuality "1"]

1. e4 e6 2. d4 d5 3. Nd2 c5 4. exd5 Qxd5 5. Ndf3 cxd4 6. Qxd4 Nf6 7. Qxd5 Nxd5 8. Bc4 Nb6 9. Bb3 Nc6 10. Be3 Nd5 11. Bxd5 exd5 12. 0-0-0 Be6 13. Ng5 0-0-0 14. Nxe6 fxe6 15. Nf3 h6 16. Nd4 Re8 17. Nxc6 bxc6 18. Bxa7 c5 19. Bb6 Kb7 20. Ba5 Ra8 21. Bd2 Rxa2 22. Kb1 Ra6 23. c3 Bd6 24. f4 Rf8 25. g3 Kc6 26. Kc2 Rb8 27. Ra1 Rab6 28. Ra2 R8b7 29. Rha1 Kd7 30. Bc1 Bb8 31. Ra5 c4 32. R1a2 g6 33. Be3 Rc6 34. Ra6 Rc8 35. Bd4 g5 36. f5 e5 1/2-1/2

[Event "ESP-ch U16"]
[Site "Salobrena"]
[Date "2015.07.22"]
[Round "4"]
[White "Jimenez Ramallo, Francisco Javier"]
[Black "Martinez Pla, Xavier"]
[Result "0-1"]
[WhiteElo "1894"]
[BlackElo "2005"]
[PlyCount "126"]
[EventDate "2015.07.20"]
[EventType "swiss"]
[EventRounds "9"]
[EventCountry "ESP"]
[SourceTitle "EXT 2016"]
[Source "ChessBase"]
[SourceDate "2015.10.08"]
[SourceVersion "1"]
[SourceVersionDate "2015.10.08"]
[SourceQuality "1"]

1. c4 c5 2. Nf3 Nf6 3. e3 b6 4. d4 cxd4 5. exd4 e6 6. Nc3 Bb7 7. Bd3 Be7 8. 0-0 0-0 9. Re1 d6 10. Bg5 Nbd7 11. Rc1 a6 12. Bb1 Rc8 13. b3 Re8 14. Qd3 Qc7 15. h3 Qb8 16. Nd2 Qa8 17. Qg3 d5 18. cxd5 Bxd5 19. Ne2 Bb4 20. Red1 Ba3 21. Rxc8 Rxc8 22. Bd3 b5 23. f3 Qb7 24. Nf1 a5 25. Ne3 a4 26. Rb1 axb3 27. axb3 Bf8 28. Ng4 Nxg4 29. hxg4 Qb6 30. Bf4 g6 31. Kf2 Bg7 32. Be3 Qb7 33. g5 e5 34. Qh4 Qb8 35. b4 Bc4 36. Bxc4 Rxc4 37. Rh1 Nf8 38. Qe4 Rxb4 39. Qd5 Ne6 40. dxe5 Bxe5 41. Rd1 Rb2 42. Rd2 Rxd2 43. Bxd2 Bg7 44. Bb4 Qa7+ 45. Kg3 Qb8+ 46. Kf2 Be5 47. g3 Bg7 48. Nc3 Bxc3 49. Bxc3 b4 50. Bb2 Kf8 51. Kg2 Qd8 52. Qe5 Qd2+ 53. Kf1 Qd1+ 54. Kg2 Qd2+ 55. Kf1 Nxg5 56. Qb8+ Ke7 57. Qc7+ Ke6 58. Qc4+ Qd5 59. Qc8+ Kd6 60. Qf8+ Kc6 61. Qc8+ Kb5 62. Qb8+ Ka4 63. Qa7+ Kb3 0-1